[Event "XXVII. Rhein-Main-Open, Gruppe A"]
[Site "Bad Homburg vor der Höhe"]
[Date "2025.06.18"]
[Round "1.53"]
[White "Dolidze, David"]
[Black "Pade, Joachim"]
[Result "1-0"]
[WhiteElo "1809"]
[BlackElo "1777"]
[PlyCount "87"]
[GameId "535116227022"]
[EventDate "2025.06.18"]
[WhiteTeam "SC Eschborn 1974"]
[BlackTeam "SV Rochade Hünfeld"]

1. e4 c6 2. d4 d5 3. Nc3 dxe4 4. Nxe4 Bf5 5. Ng3 Bg6 6. Nh3 e6 7. Nf4 Bd6 8. Nxg6 hxg6 9. Ne4 Be7 10. c3 Qc7 11. Qf3 Nf6 12. Bf4 Qd8 13. Ng5 Rf8 14. Bd3 Qd7 15. Be5 Na6 16. O-O-O Nc7 17. Kb1 O-O-O 18. Bxf6 gxf6 19. Nh7 Rh8 20. Nxf6 Bxf6 21. Qxf6 Rh5 22. h3 Ra5 23. Qf3 Nd5 24. Bc4 b5 25. Bb3 Nb6 26. Rhe1 Nc4 27. Qe4 Ra6 28. Qf4 Rb6 29. Bxc4 bxc4 30. Re5 Qb7 31. Rd2 Rd5 32. Qf6 Qd7 33. Rde2 Kb7 34. f4 a5 35. g4 c5 36. Qg5 Rxd4 37. cxd4 Qxd4 38. f5 Qd3+ 39. Kc1 c3 40. b3 Rd6 41. Qe7+ Kb8 42. Qxd6+ Qxd6 43. fxe6 Qd4 44. e7 1-0

[Event "XXVII. Rhein-Main-Open, Gruppe A"]
[Site "Bad Homburg vor der Höhe"]
[Date "2025.06.18"]
[Round "1.54"]
[White "Basedow, Marc"]
[Black "Feick, Claas Marten"]
[Result "0-1"]
[WhiteElo "1682"]
[BlackElo "1918"]
[PlyCount "86"]
[GameId "535116227023"]
[EventDate "2025.06.18"]
[WhiteTeam "SC Bad Soden"]
[BlackTeam "SF Neuberg"]

1. Nf3 Nf6 2. b3 e6 3. Bb2 c5 4. e3 Nc6 5. d4 d5 6. Bd3 Bd6 7. O-O O-O 8. Ne5 cxd4 9. exd4 Nd7 10. f4 Nb4 11. Be2 f6 12. Nd3 Nc6 13. Nd2 Qb6 14. Nf3 e5 15. fxe5 fxe5 16. Ndxe5 Ndxe5 17. Kh1 Nxf3 18. Bxf3 Ne7 19. Qe2 Qd8 20. c4 Bd7 21. a3 a6 22. c5 Bc7 23. Rae1 Re8 24. Qd2 Bb5 25. Rf2 Ng6 26. Rxe8+ Bxe8 27. g3 Bf7 28. Bh5 Qe7 29. Re2 Qf6 30. Rf2 Qe6 31. Kg2 Nh4+ 32. gxh4 Bxh5 33. Qg5 Qe4+ 34. Kg1 Qg4+ 35. Qxg4 Bxg4 36. Kg2 Re8 37. h3 Bh5 38. Bc1 Re4 39. Bg5 Rxd4 40. Be7 Rf4 41. Bd6 Rxf2+ 42. Kxf2 Bxd6 43. cxd6 Kf7 0-1

[Event "XXVII. Rhein-Main-Open, Gruppe A"]
[Site "Bad Homburg vor der Höhe"]
[Date "2025.06.18"]
[Round "1.55"]
[White "Hornung, Thomas"]
[Black "Herrmann, Gerhard"]
[Result "1-0"]
[WhiteElo "2001"]
[BlackElo "1668"]
[PlyCount "71"]
[GameId "535116227024"]
[EventDate "2025.06.18"]
[WhiteTeam "SK Eberstadt 1924"]
[BlackTeam "SC Königsspringer Alzenau e.V"]

1. d4 e6 2. c4 f5 3. e3 Nf6 4. Bd3 Bb4+ 5. Bd2 Bxd2+ 6. Qxd2 b6 7. Nc3 Bb7 8. f3 O-O 9. Nge2 c5 10. O-O d5 11. Rad1 Nc6 12. dxc5 bxc5 13. Nf4 Bc8 14. cxd5 Nxd5 15. Nfxd5 exd5 16. Bb5 Ne7 17. Nxd5 Bb7 18. Bc4 Nxd5 19. Bxd5+ Bxd5 20. Qxd5+ Qxd5 21. Rxd5 Rac8 22. Rc1 c4 23. Rd4 c3 24. bxc3 Rc5 25. Kf2 a5 26. Ke2 g5 27. Kd3 h5 28. c4 Kg7 29. Rb1 Rfc8 30. a4 g4 31. Rb5 Kg6 32. f4 h4 33. Rd6+ Kh5 34. Rbb6 Rh8 35. Rg6 Rd8+ 36. Ke2 1-0

[Event "XXVII. Rhein-Main-Open, Gruppe A"]
[Site "Bad Homburg vor der Höhe"]
[Date "2025.06.18"]
[Round "1.56"]
[White "Hebauf, Markus"]
[Black "Sasikumar Anitha, Sarvesh"]
[Result "0-1"]
[WhiteElo "1662"]
[BlackElo "1987"]
[PlyCount "80"]
[GameId "535116227025"]
[EventDate "2025.06.18"]
[WhiteTeam "Sfr.1932 Kelkheim"]
[BlackTeam "SK 1858 Gießen"]

1. d4 Nf6 2. c4 g6 3. Nc3 Bg7 4. e4 d6 5. Be3 O-O 6. Nf3 Nbd7 7. h3 e5 8. d5 Nh5 9. Qd2 a6 10. Bh6 Nf4 11. Bxg7 Kxg7 12. g3 Nh5 13. Be2 h6 14. Nh2 Nhf6 15. Ng4 Rh8 16. O-O-O Nc5 17. Nxf6 Qxf6 18. Rdf1 b5 19. cxb5 axb5 20. b4 Na6 21. Qb2 Bd7 22. f4 c5 23. dxc6 Bxc6 24. a3 Rhc8 25. Kb1 Nc7 26. Rf3 d5 27. Rhf1 Rf8 28. Nxd5 Bxd5 29. fxe5 Bxe4+ 30. Ka1 Qa6 31. e6+ f6 32. Rxf6 Qxa3+ 33. Qxa3 Rxa3+ 34. Kb2 Rxf6 35. Rxf6 Kxf6 36. Kxa3 Kxe6 37. Kb3 Ke5 38. Kc3 Bc6 39. Kd3 Nd5 40. g4 Nf4+ 0-1

[Event "XXVII. Rhein-Main-Open, Gruppe A"]
[Site "Bad Homburg vor der Höhe"]
[Date "2025.06.19"]
[Round "2.1"]
[White "Gold, Jan Christian"]
[Black "Poetsch, Hagen"]
[Result "1-0"]
[WhiteElo "1997"]
[BlackElo "2490"]
[PlyCount "147"]
[GameId "535116227026"]
[EventDate "2025.06.18"]
[WhiteTeam "SK Bad Homburg 1927"]
[BlackTeam "SC Heusenstamm"]

1. d4 Nf6 2. Nf3 b6 3. g3 Bb7 4. Bg2 c5 5. O-O cxd4 6. b3 g6 7. Bb2 Bg7 8. Bxd4 O-O 9. c4 d6 10. e3 Nbd7 11. Qe2 a5 12. Qb2 e5 13. Bc3 Nc5 14. Rd1 Qe7 15. Qe2 Nfe4 16. Bb2 Rfd8 17. Nfd2 d5 18. cxd5 Rxd5 19. Nxe4 Rxd1+ 20. Qxd1 Nxe4 21. Nc3 Rd8 22. Qc1 Nc5 23. e4 Nd3 24. Ba3 Qc7 25. Qd2 Nf4 26. Nd5 Nxd5 27. exd5 e4 28. Rc1 Qe5 29. d6 Bf6 30. h4 Ba6 31. Qe3 b5 32. Bc5 Bb7 33. Bb6 Rd7 34. Bh3 Rxd6 35. Bc7 Kg7 36. Bg2 Be7 37. Bxd6 Bxd6 38. Qc3 Qxc3 39. Rxc3 Kf6 40. Kf1 Ke5 41. Ke2 f5 42. Rc1 a4 43. bxa4 bxa4 44. Ke3 Bd5 45. Rc2 Bb8 46. Bf1 Ba7+ 47. Ke2 Bb6 48. Kd1 a3 49. Bb5 Bd4 50. Ke2 h6 51. Bc4 Bc6 52. Rc1 g5 53. Rb1 gxh4 54. gxh4 f4 55. Rb8 f3+ 56. Kf1 Bd7 57. Ra8 Bc5 58. Rd8 Bh3+ 59. Kg1 e3 60. fxe3 Bxe3+ 61. Kh2 Bg4 62. Kg3 h5 63. Rd3 Ke4 64. Rxa3 Bd4 65. Bd3+ Ke3 66. Bb5+ Ke4 67. Bc6+ Kf5 68. Bxf3 Be5+ 69. Kg2 Bf6 70. Ra5+ Kf4 71. Bxg4 hxg4 72. Ra4+ Kf5 73. Ra5+ Kf4 74. h5 1-0

[Event "XXVII. Rhein-Main-Open, Gruppe A"]
[Site "Bad Homburg vor der Höhe"]
[Date "2025.06.19"]
[Round "2.2"]
[White "Hagner, Bennet"]
[Black "Sreeramulu, Aarush"]
[Result "1-0"]
[WhiteElo "2431"]
[BlackElo "2032"]
[PlyCount "77"]
[GameId "535116227027"]
[EventDate "2025.06.18"]
[WhiteTeam "OSG Baden-Baden"]
[BlackTeam "SK Marburg 1931/72"]

1. Nf3 d5 2. e3 Nf6 3. c4 e6 4. Nc3 Be7 5. b3 O-O 6. Bb2 dxc4 7. bxc4 c5 8. Be2 Nc6 9. O-O b6 10. Ne1 Bb7 11. f4 e5 12. Nd3 e4 13. Nf2 Nb4 14. g4 Nd3 15. Nxd3 exd3 16. Bf3 Bxf3 17. Qxf3 Ne8 18. Rac1 a6 19. Nd5 Nd6 20. f5 f6 21. Nf4 Qb8 22. Qd5+ Nf7 23. Ne6 Rc8 24. Qxd3 b5 25. Rc2 Ne5 26. Qd5 Qd6 27. Bxe5 Qxe5 28. Qb7 Kf7 29. cxb5 Rab8 30. Qf3 axb5 31. d4 cxd4 32. exd4 Qd6 33. Rc5 Qd7 34. Qb3 Qa7 35. Ng5+ Ke8 36. Qf7+ Kd7 37. Re1 Re8 38. Qe6+ Kd8 39. Nf7# 1-0

[Event "XXVII. Rhein-Main-Open, Gruppe A"]
[Site "Bad Homburg vor der Höhe"]
[Date "2025.06.19"]
[Round "2.3"]
[White "Klein, Levent"]
[Black "Nothnagel, Marian Can"]
[Result "1/2-1/2"]
[WhiteElo "2036"]
[BlackElo "2434"]
[PlyCount "81"]
[GameId "535116227028"]
[EventDate "2025.06.18"]
[WhiteTeam "SK Kaiserslautern 1905"]
[BlackTeam "SK Bickenbach"]

1. d4 Nf6 2. Nf3 g6 3. c4 Bg7 4. Nc3 O-O 5. e4 d6 6. Be2 Nbd7 7. O-O e5 8. Be3 Qe7 9. d5 c5 10. g3 Kh8 11. Kg2 Ng8 12. Ng1 f5 13. f3 Ndf6 14. a3 b6 15. b4 Bh6 16. Bf2 Bd7 17. Rb1 Qd8 18. Qc2 fxe4 19. fxe4 Ng4 20. Bxg4 Bxg4 21. h3 Bc8 22. bxc5 bxc5 23. Qd3 Ba6 24. Nb5 Qd7 25. Be3 Kg7 26. Bxh6+ Nxh6 27. Nf3 Nf7 28. Qd2 Rad8 29. Ng5 Nxg5 30. Qxg5 Bxb5 31. cxb5 h6 32. Rxf8 Rxf8 33. Qe3 Qc7 34. Qc3 c4 35. Rf1 Rxf1 36. Kxf1 Qd7 37. Qxc4 Qxh3+ 38. Kf2 Qh2+ 39. Kf3 Qh1+ 40. Kf2 Qh2+ 41. Kf3 1/2-1/2

[Event "XXVII. Rhein-Main-Open, Gruppe A"]
[Site "Bad Homburg vor der Höhe"]
[Date "2025.06.19"]
[Round "2.4"]
[White "Kuhn, Gerhard"]
[Black "Krause, Jonah"]
[Result "0-1"]
[WhiteElo "2033"]
[BlackElo "2361"]
[PlyCount "88"]
[GameId "535116227029"]
[EventDate "2025.06.18"]
[WhiteTeam "SK Marburg 1931/72"]
[BlackTeam "FC ST.Pauli 1910 eV SAbt"]

1. e4 c5 2. c3 d5 3. exd5 Qxd5 4. d4 Nf6 5. Nf3 e6 6. Be3 cxd4 7. cxd4 Bb4+ 8. Nc3 O-O 9. Bd3 b6 10. O-O Bxc3 11. bxc3 Ba6 12. Ne5 Bxd3 13. Qxd3 Nc6 14. Nxc6 Qxc6 15. c4 Rac8 16. Rac1 h6 17. Rfd1 Rfd8 18. h3 Qb7 19. Qb3 Rc6 20. Rc2 Rdc8 21. Rdc1 Qc7 22. a4 Nd5 23. Bd2 Ne7 24. Qd3 Qd7 25. Bb4 Nf5 26. Rd1 R6c7 27. a5 Qa4 28. axb6 axb6 29. Rb1 Nxd4 30. Rcc1 Nf5 31. g4 Nh4 32. Bd6 Qc6 33. Qg3 Nf3+ 34. Kf1 Nd2+ 35. Ke2 Ne4 36. Bxc7 Nxg3+ 37. Bxg3 Qe4+ 38. Kf1 Qh1+ 39. Ke2 Qxh3 40. Kf3 h5 41. gxh5 Qf5+ 42. Kg2 Rxc4 43. Rxc4 Qxb1 44. h6 gxh6 0-1

[Event "XXVII. Rhein-Main-Open, Gruppe A"]
[Site "Bad Homburg vor der Höhe"]
[Date "2025.06.19"]
[Round "2.5"]
[White "Jonnek, Thomas"]
[Black "Sydykov, Bayastan"]
[Result "1/2-1/2"]
[WhiteElo "2040"]
[BlackElo "2301"]
[PlyCount "117"]
[GameId "535116227030"]
[EventDate "2025.06.18"]
[WhiteTeam "SF Bremer Osten Bürgerhaus Mahnd"]
[BlackTeam "SK 1858 Gießen"]

1. d4 Nf6 2. g3 d5 3. Bg2 Bf5 4. Nf3 e6 5. Nh4 Be4 6. f3 Bg6 7. Nxg6 hxg6 8. c3 c5 9. Be3 Qc7 10. O-O Nbd7 11. Nd2 Be7 12. Rc1 Qb6 13. Qb3 Qa6 14. Rfe1 Rc8 15. Bf1 c4 16. Qc2 b5 17. b4 Qc6 18. a4 bxa4 19. Ra1 Nb6 20. Reb1 Nfd7 21. Bf2 Qb5 22. e4 a5 23. exd5 exd5 24. bxa5 Qxa5 25. Re1 Kd8 26. Nb1 Re8 27. Bh3 Kc7 28. Be3 Bd6 29. Na3 f5 30. Qb2 Kc6 31. Nc2 Re6 32. Bd2 Rce8 33. Rxe6 Rxe6 34. Kf2 Qa8 35. Nb4+ Kc7 36. Bf1 Nb8 37. Bf4 Bxf4 38. gxf4 Nc6 39. Nxc6 Qxc6 40. Qa3 Re8 41. Rb1 Ra8 42. Be2 Nc8 43. Qf8 Nb6 44. Qe7+ Nd7 45. Qa3 Qd6 46. Rb7+ Kc6 47. Qb2 Qe7 48. Bd1 Kd6 49. Qb4+ Ke6 50. Bxa4 Qxb4 51. Bxd7+ Kd6 52. cxb4 Ra2+ 53. Ke3 Ra3+ 54. Ke2 Rd3 55. Ba4 Rxd4 56. Rxg7 Rxf4 57. Ke3 g5 58. Rxg5 Ke5 59. Bc2 1/2-1/2

[Event "XXVII. Rhein-Main-Open, Gruppe A"]
[Site "Bad Homburg vor der Höhe"]
[Date "2025.06.19"]
[Round "2.6"]
[White "Neukirchner, Pascal"]
[Black "Novak, Volker"]
[Result "1-0"]
[WhiteElo "2279"]
[BlackElo "2096"]
[PlyCount "57"]
[GameId "535116227031"]
[EventDate "2025.06.18"]
[WhiteTeam "SK Gründau"]
[BlackTeam "SK Bad Homburg 1927"]

1. Nf3 Nf6 2. g3 d6 3. d4 Nbd7 4. Nc3 e5 5. e4 Be7 6. Bg2 O-O 7. O-O Re8 8. Re1 c6 9. a4 a5 10. h3 Bf8 11. g4 g6 12. g5 Nh5 13. Be3 Qc7 14. Qd2 Nb6 15. b3 Be6 16. Rad1 Rad8 17. d5 cxd5 18. exd5 Bd7 19. Ne4 Nc8 20. Nf6+ Nxf6 21. gxf6 h5 22. Bh6 Kh7 23. Ng5+ Kg8 24. Ne4 Kh7 25. Ng5+ Kg8 26. Ne4 Kh7 27. Bxf8 Rxf8 28. Ng3 h4 29. Re4 1-0

[Event "XXVII. Rhein-Main-Open, Gruppe A"]
[Site "Bad Homburg vor der Höhe"]
[Date "2025.06.19"]
[Round "2.7"]
[White "Schmid, Roland"]
[Black "Spiegelberg, Silvia"]
[Result "1-0"]
[WhiteElo "2193"]
[BlackElo "1976"]
[PlyCount "51"]
[GameId "535116227032"]
[EventDate "2025.06.18"]
[WhiteTeam "SG Post/Süd Regensburg"]
[BlackTeam "SF Sasbach e.V."]

1. Nf3 Nf6 2. g3 d5 3. Bg2 c5 4. O-O Nc6 5. d4 e6 6. c4 cxd4 7. Nxd4 Qb6 8. Nxc6 bxc6 9. Nc3 Bd7 10. Be3 Qa6 11. cxd5 cxd5 12. Bd4 Rd8 13. Bxf6 gxf6 14. e4 dxe4 15. Nxe4 Be7 16. Qh5 O-O 17. Rfc1 Qb5 18. Qh6 Qxb2 19. Rab1 Qe5 20. Rc5 Qxc5 21. Nxc5 Bxc5 22. Qxf6 Bb6 23. Qg5+ Kh8 24. Qf6+ Kg8 25. Rb4 e5 26. Rh4 1-0

[Event "XXVII. Rhein-Main-Open, Gruppe A"]
[Site "Bad Homburg vor der Höhe"]
[Date "2025.06.19"]
[Round "2.8"]
[White "Steigleder, Maximilian"]
[Black "Tiarks, Jann-Christian"]
[Result "0-1"]
[WhiteElo "1930"]
[BlackElo "2228"]
[PlyCount "118"]
[GameId "535116227033"]
[EventDate "2025.06.18"]
[WhiteTeam "Sfr.1932 Kelkheim"]
[BlackTeam "SG 1871 Löberitz"]

1. e4 c5 2. f4 d5 3. exd5 Qxd5 4. Nc3 Qd8 5. Nf3 Nf6 6. Bc4 e6 7. O-O Be7 8. d3 Nc6 9. Bb5 Bd7 10. Bxc6 Bxc6 11. Ne5 Qc7 12. b3 O-O 13. Nxc6 Qxc6 14. Bb2 b5 15. Qf3 Qxf3 16. Rxf3 b4 17. Nd1 a5 18. Ne3 a4 19. Re1 axb3 20. axb3 Ra2 21. Nc4 g6 22. Re2 Rfa8 23. h3 Nd5 24. g4 Bf6 25. Bxf6 Nxf6 26. f5 exf5 27. gxf5 Re8 28. Rxe8+ Nxe8 29. fxg6 hxg6 30. Rf2 Ng7 31. Nd6 Ra7 32. Rf4 Ne6 33. Rc4 f5 34. d4 cxd4 35. Rxb4 Ra1+ 36. Kh2 Ra2 37. Kg3 Rxc2 38. Kf3 Kg7 39. Nb5 Rh2 40. Nxd4 Nxd4+ 41. Rxd4 Rxh3+ 42. Kg2 Rxb3 43. Rd6 Kh6 44. Rd4 g5 45. Rd5 f4 46. Ra5 Kh5 47. Rc5 Kg4 48. Ra5 Rb2+ 49. Kg1 Kh4 50. Rf5 Ra2 51. Kf1 Ra4 52. Rb5 g4 53. Rb2 Kh3 54. Rb1 Ra2 55. Kg1 f3 56. Rb8 Re2 57. Kf1 Kg3 58. Rb3 Ra2 59. Rb1 Rh2 0-1

[Event "XXVII. Rhein-Main-Open, Gruppe A"]
[Site "Bad Homburg vor der Höhe"]
[Date "2025.06.19"]
[Round "2.9"]
[White "Solonar, Stefan"]
[Black "Busch, Lorenz"]
[Result "1/2-1/2"]
[WhiteElo "2265"]
[BlackElo "1972"]
[PlyCount "76"]
[GameId "535116227034"]
[EventDate "2025.06.18"]
[WhiteTeam "SC Heusenstamm"]
[BlackTeam "SC Bellheim"]

1. c4 Nf6 2. Nc3 b6 3. e4 d6 4. d4 c5 5. Nf3 cxd4 6. Nxd4 Bb7 7. f3 e6 8. Be3 Be7 9. Be2 O-O 10. O-O Nbd7 11. a4 d5 12. exd5 exd5 13. a5 bxa5 14. Nb3 Bb4 15. cxd5 Re8 16. Bf2 Ne5 17. d6 Re6 18. Nb5 a6 19. N5d4 Rxd6 20. Qc1 Rc8 21. Qg5 Nc4 22. Nf5 Ne8 23. Qxd8 Rdxd8 24. Bxc4 Rxc4 25. Bb6 Rd7 26. Nxa5 Bxa5 27. Bxa5 Nf6 28. Bc3 Nd5 29. Rfe1 f6 30. Rad1 Bc6 31. Re8+ Kf7 32. Rc8 Ba4 33. Rxc4 Bxd1 34. Rd4 Bb3 35. Rd2 g6 36. Ng3 f5 37. Ne2 Bc4 38. Nf4 Ke7 1/2-1/2

[Event "XXVII. Rhein-Main-Open, Gruppe A"]
[Site "Bad Homburg vor der Höhe"]
[Date "2025.06.19"]
[Round "2.11"]
[White "Stork, Christopher"]
[Black "Pradeep, Harshill"]
[Result "1/2-1/2"]
[WhiteElo "2132"]
[BlackElo "1936"]
[PlyCount "61"]
[GameId "535116227036"]
[EventDate "2025.06.18"]
[WhiteTeam "SV Oberursel"]
[BlackTeam "SK Bickenbach"]

1. d4 Nf6 2. c4 g6 3. Nf3 Bg7 4. g3 O-O 5. Bg2 d6 6. Nc3 Nc6 7. d5 Na5 8. b3 a6 9. Bb2 Bd7 10. O-O c5 11. dxc6 Bxc6 12. Nd5 Nxd5 13. Bxg7 Ne3 14. Qc1 Nxf1 15. Bxf8 Nxh2 16. Bh6 Nxf3+ 17. exf3 b5 18. Qc3 e5 19. Bd2 Nb7 20. cxb5 Bxb5 21. Rc1 Nc5 22. f4 Rb8 23. fxe5 Nd3 24. Rd1 Rc8 25. Qa1 Nxe5 26. Bf4 Qf6 27. a4 Be2 28. Bxe5 Qxe5 29. Qxe5 dxe5 30. Rd7 Rc1+ 31. Kh2 1/2-1/2

[Event "XXVII. Rhein-Main-Open, Gruppe A"]
[Site "Bad Homburg vor der Höhe"]
[Date "2025.06.19"]
[Round "2.12"]
[White "Dolidze, David"]
[Black "Akhmatovski, Maxim"]
[Result "0-1"]
[WhiteElo "1809"]
[BlackElo "2108"]
[PlyCount "106"]
[GameId "535116227037"]
[EventDate "2025.06.18"]
[WhiteTeam "SC Eschborn 1974"]
[BlackTeam "SV Oberursel"]

1. e4 e6 2. d4 d5 3. Nc3 Bb4 4. e5 c5 5. a3 Bxc3+ 6. bxc3 Ne7 7. Qg4 Qc7 8. Qxg7 Rg8 9. Qxh7 cxd4 10. Ne2 Nbc6 11. f4 dxc3 12. Qd3 d4 13. h4 Bd7 14. h5 O-O-O 15. Rb1 Nf5 16. h6 Rg6 17. h7 Rh8 18. Rh3 Rg7 19. g3 a6 20. Bg2 Rgxh7 21. Rxh7 Rxh7 22. g4 Rg7 23. g5 Na5 24. Nxd4 Nxd4 25. Qxd4 Bc6 26. Be4 b5 27. Be3 Nc4 28. Bxc6 Qxc6 29. Qc5 Qxc5 30. Bxc5 Rh7 31. Ke2 Rh2+ 32. Kd3 Rh3+ 33. Ke2 Kc7 34. Rg1 Kc6 35. Bf8 Kd5 36. g6 fxg6 37. Rxg6 Ke4 38. Bc5 Rh2+ 39. Bf2 Ne3 40. Rg3 Nd5 41. Kf1 Rh1+ 42. Rg1 Rxg1+ 43. Kxg1 Kxf4 44. Bc5 Kf3 45. Kf1 Ne3+ 46. Ke1 Nxc2+ 47. Kd1 Ne3+ 48. Kc1 Ke4 49. Bf8 Kd3 50. Bc5 Nc4 51. Bd6 Nd2 52. a4 Nb3+ 53. Kb1 c2+ 0-1

[Event "XXVII. Rhein-Main-Open, Gruppe A"]
[Site "Bad Homburg vor der Höhe"]
[Date "2025.06.19"]
[Round "2.13"]
[White "Musiienko, Tymur"]
[Black "von Auer, Ulrich"]
[Result "1-0"]
[WhiteElo "2115"]
[BlackElo "1980"]
[PlyCount "59"]
[GameId "535116227038"]
[EventDate "2025.06.18"]
[WhiteTeam "Wiesbadener SV 1885"]
[BlackTeam "SV Oberursel"]

1. e4 c5 2. Nf3 e6 3. d4 cxd4 4. Nxd4 Nf6 5. Nc3 Bb4 6. Bd3 Nc6 7. Nxc6 dxc6 8. e5 Nd7 9. f4 Nc5 10. Be3 Nxd3+ 11. cxd3 c5 12. O-O Bxc3 13. bxc3 b6 14. d4 cxd4 15. Bxd4 Bb7 16. a4 O-O 17. Rf2 Qd5 18. h4 Qe4 19. h5 Rfd8 20. Qd2 h6 21. Re1 Qh7 22. f5 exf5 23. e6 fxe6 24. Rxe6 Rd7 25. Qf4 Rad8 26. Rfe2 Be4 27. Re3 Rxd4 28. cxd4 g5 29. Qe5 Bd5 30. Re8+ 1-0

[Event "XXVII. Rhein-Main-Open, Gruppe A"]
[Site "Bad Homburg vor der Höhe"]
[Date "2025.06.19"]
[Round "2.14"]
[White "Calvi, Stefan"]
[Black "Wolf, Ulrich Martin"]
[Result "1/2-1/2"]
[WhiteElo "1968"]
[BlackElo "2152"]
[PlyCount "48"]
[GameId "535116227039"]
[EventDate "2025.06.18"]
[WhiteTeam "SV Oberursel"]
[BlackTeam "SK Bad Homburg 1927"]

1. e4 c5 2. Nf3 Nc6 3. c3 d5 4. exd5 Qxd5 5. d4 Nf6 6. Be3 cxd4 7. cxd4 e6 8. Bd3 Be7 9. O-O O-O 10. Nc3 Qd6 11. Rc1 Nb4 12. Bb1 b6 13. a3 Nbd5 14. Ne5 Nxc3 15. Rxc3 Bb7 16. Qe2 Qd5 17. f3 Rac8 18. Rfc1 Bd6 19. Bf2 Rfd8 20. b4 Rxc3 21. Rxc3 Bxe5 22. dxe5 Qd1+ 23. Qe1 Qxe1+ 24. Bxe1 Nd5 1/2-1/2

[Event "XXVII. Rhein-Main-Open, Gruppe A"]
[Site "Bad Homburg vor der Höhe"]
[Date "2025.06.19"]
[Round "2.15"]
[White "Lenz, Jonas"]
[Black "Gries, Volker"]
[Result "1/2-1/2"]
[WhiteElo "2135"]
[BlackElo "2016"]
[PlyCount "135"]
[GameId "535116227040"]
[EventDate "2025.06.18"]
[WhiteTeam "SK Bad Homburg 1927"]
[BlackTeam "SV Oberursel"]

1. d4 Nf6 2. c4 g6 3. g3 Bg7 4. Bg2 O-O 5. Nc3 d6 6. Nf3 Nc6 7. O-O e5 8. dxe5 Nxe5 9. b3 Nfd7 10. Nd4 Nc5 11. Bb2 Ned3 12. exd3 Bxd4 13. b4 Nd7 14. Qd2 Ne5 15. Nd1 Bxb2 16. Nxb2 Bh3 17. d4 Bxg2 18. Kxg2 Nd7 19. Nd1 Nb6 20. Qd3 d5 21. c5 Nc4 22. Re1 Qd7 23. Ne3 Nxe3+ 24. Rxe3 Rfe8 25. Rae1 Rxe3 26. Qxe3 Rf8 27. Qf3 f6 28. b5 c6 29. a4 Rf7 30. bxc6 bxc6 31. Qe2 Kg7 32. h3 Qb7 33. Qe3 Qb4 34. Ra1 Qb7 35. a5 Re7 36. a6 Qd7 37. Qf3 Qc8 38. Qd3 Kf7 39. Ra4 Qe6 40. Rb4 Qc8 41. Rb2 Kg7 42. Rb3 Kf7 43. Qd2 Kg7 44. Qd3 Kf7 45. g4 Kg7 46. Rb4 Kf7 47. Ra4 Qe6 48. Qf3 Kg7 49. Ra3 Qc8 50. Qg3 Kf7 51. Qf4 Kg7 52. Rf3 Re6 53. Rb3 Qxa6 54. Qc7+ Kh6 55. Qf7 Qe2 56. Rf3 Qe4 57. Qf8+ Kg5 58. Qg7 f5 59. Qxh7 f4 60. Qh8 a5 61. Qd8+ Rf6 62. Qxa5 Qxd4 63. Qd8 Qe4 64. Qh8 Re6 65. Qd8+ Kh6 66. Qf8+ Kg5 67. Qd8+ Kh6 68. Qf8+ 1/2-1/2

[Event "XXVII. Rhein-Main-Open, Gruppe A"]
[Site "Bad Homburg vor der Höhe"]
[Date "2025.06.19"]
[Round "2.16"]
[White "Krychevskiy, Dmytro"]
[Black "Henrich, Thomas"]
[Result "0-1"]
[WhiteElo "1942"]
[BlackElo "2083"]
[PlyCount "132"]
[GameId "535116227041"]
[EventDate "2025.06.18"]
[WhiteTeam "SV Oberursel"]
[BlackTeam "SK Marburg 1931/72"]

1. e4 c5 2. Nf3 d6 3. c3 Nf6 4. h3 Nbd7 5. Bd3 a6 6. O-O b5 7. Bc2 Bb7 8. Re1 e5 9. d3 h6 10. Nbd2 g6 11. Nf1 Bg7 12. Ng3 O-O 13. Nh2 Qe7 14. f4 d5 15. f5 dxe4 16. dxe4 Rad8 17. Qe2 c4 18. Ng4 Kh7 19. Nf2 Nc5 20. Be3 Nfd7 21. Rad1 Bf6 22. Rd2 Bh4 23. Qf3 Rg8 24. Ne2 Nd3 25. Bxd3 cxd3 26. Rxd3 Bxf2+ 27. Bxf2 Nc5 28. Re3 Qg5 29. h4 Qf6 30. b4 Na4 31. fxg6+ Qxg6 32. Ng3 Rd2 33. R3e2 Rd7 34. h5 Qe6 35. Rf1 Rc7 36. Be1 Qb6+ 37. Kh2 Bc8 38. Nf5 Qf6 39. Bh4 Qe6 40. Be1 Qf6 41. Bh4 Qe6 42. Re3 Nb2 43. Rf2 Nc4 44. Rd3 Bb7 45. Rf1 Qc6 46. Re1 f6 47. Ng3 Rf7 48. Red1 Bc8 49. Nf5 Bb7 50. Re1 Qe6 51. Re2 Qc6 52. Qf1 Bc8 53. Rf3 Rg4 54. g3 Rxe4 55. Ref2 Bxf5 56. Rxf5 Ne3 57. Qb1 Kg7 58. Kh3 Nxf5 59. Rxf5 Re2 60. Qf1 Rxa2 61. Rf3 e4 62. Re3 Qe6+ 63. g4 f5 64. Qg1 f4 65. Re1 e3 66. Qf1 Qe4 0-1

[Event "XXVII. Rhein-Main-Open, Gruppe A"]
[Site "Bad Homburg vor der Höhe"]
[Date "2025.06.19"]
[Round "2.17"]
[White "Erdmann, Stefan"]
[Black "Hornung, Thomas"]
[Result "1-0"]
[WhiteElo "2117"]
[BlackElo "2001"]
[PlyCount "83"]
[GameId "535116227042"]
[EventDate "2025.06.18"]
[WhiteTeam "SK Bad Homburg 1927"]
[BlackTeam "SK Eberstadt 1924"]

1. d4 d5 2. c4 c6 3. cxd5 cxd5 4. Nc3 Nf6 5. Bf4 Nc6 6. e3 Bg4 7. f3 Bd7 8. Bd3 g6 9. Be5 e6 10. g4 Nxe5 11. dxe5 Ng8 12. Nge2 Bg7 13. f4 a6 14. Ng3 Ne7 15. h4 Qb6 16. Qe2 h6 17. Qf2 O-O-O 18. e4 Qxf2+ 19. Kxf2 Kb8 20. Rhd1 Bc6 21. exd5 Nxd5 22. Nxd5 Bxd5 23. Be4 Rd7 24. Bxd5 exd5 25. Rd3 Rhd8 26. Rad1 Bf8 27. Ke2 Bg7 28. Ne4 d4 29. Kf3 b6 30. g5 hxg5 31. hxg5 Rh8 32. Rxd4 Rxd4 33. Rxd4 Kc7 34. Nd6 Rd8 35. Ke4 Rf8 36. a4 Kc6 37. Rc4+ Kd7 38. b4 f5+ 39. Kd5 Rh8 40. e6+ Ke7 41. Rc7+ Kd8 42. Rd7# 1-0

[Event "XXVII. Rhein-Main-Open, Gruppe A"]
[Site "Bad Homburg vor der Höhe"]
[Date "2025.06.19"]
[Round "2.18"]
[White "von Wahden, Jens"]
[Black "Giel, Olaf"]
[Result "0-1"]
[WhiteElo "1952"]
[BlackElo "2106"]
[PlyCount "106"]
[GameId "535116227043"]
[EventDate "2025.06.18"]
[WhiteTeam "SV Oberursel"]
[BlackTeam "SF Bremer Osten Bürgerhaus Mahnd"]

1. d4 Nf6 2. c4 e6 3. Nf3 b6 4. g3 Bb7 5. Bg2 Bb4+ 6. Bd2 Bxd2+ 7. Qxd2 d6 8. Nc3 Nbd7 9. O-O O-O 10. Qc2 c5 11. Rfd1 Qe7 12. d5 exd5 13. cxd5 Rfe8 14. e3 a6 15. a4 Ng4 16. e4 Bc8 17. Re1 Qf6 18. h3 Nge5 19. Nd2 h5 20. f4 Ng6 21. e5 dxe5 22. f5 Ngf8 23. d6 Rb8 24. Nd5 Qxd6 25. Rad1 Qh6 26. Ne4 Bb7 27. g4 Bxd5 28. Rxd5 hxg4 29. hxg4 Qh4 30. Qe2 Nf6 31. Nxf6+ gxf6 32. Rd3 Red8 33. Red1 Rd4 34. Rxd4 cxd4 35. Rd3 Rc8 36. Rh3 Rc1+ 37. Kh2 Qe1 38. Qxe1 Rxe1 39. Rb3 Nd7 40. Kg3 Nc5 41. Rxb6 d3 42. Rd6 e4 43. b4 Nxa4 44. Kf4 Nc3 45. g5 fxg5+ 46. Kxg5 Rg1 47. Kh6 Kf8 48. f6 Ke8 49. Bh3 Rh1 50. Kg7 Rxh3 51. Re6+ Kd7 52. Re7+ Kd6 53. Kxf7 d2 0-1

[Event "XXVII. Rhein-Main-Open, Gruppe A"]
[Site "Bad Homburg vor der Höhe"]
[Date "2025.06.19"]
[Round "2.19"]
[White "Bollmann, Henrik"]
[Black "Gundel, Julian"]
[Result "0-1"]
[WhiteElo "2109"]
[BlackElo "1785"]
[PlyCount "98"]
[GameId "535116227044"]
[EventDate "2025.06.18"]
[WhiteTeam "SC Bad Nauheim"]
[BlackTeam "SV Königsspringer 1929 Großauhei"]

1. c4 g6 2. g3 Bg7 3. Bg2 c6 4. d4 d5 5. Nf3 Nf6 6. O-O O-O 7. Qa4 Bg4 8. Nc3 Bxf3 9. Bxf3 e6 10. Rd1 Nbd7 11. Qb3 Qb6 12. Bf4 Rfe8 13. Rac1 Qxb3 14. axb3 Rad8 15. Ra1 a6 16. Rac1 h6 17. h4 Nh7 18. e3 e5 19. dxe5 g5 20. hxg5 hxg5 21. e6 fxe6 22. Bc7 Rc8 23. Bd6 Be5 24. Bxe5 Nxe5 25. Be2 g4 26. Kg2 Ng5 27. Rh1 Rf8 28. Rh5 Rf5 29. Rch1 Kg7 30. R1h4 Rcf8 31. Nd1 Ngf3 32. Rh7+ Kf6 33. R4h6+ Ng6 34. Bd3 Ne1+ 35. Kg1 Nxd3 36. Rxb7 Nxf2 37. Nxf2 Rxf2 38. Kxf2 Kg5+ 39. Kg2 Kxh6 40. Rb6 Ne5 41. Rxa6 Rb8 42. cxd5 exd5 43. e4 dxe4 44. Ra4 Rxb3 45. Rxe4 Rxb2+ 46. Kf1 Rb5 47. Ke2 Kg5 48. Ke3 Nf3 49. Re8 Re5+ 0-1